01159nam a22001937a 450000500170000000800410001702000180005804000070007604100080008308200180009110000120010924500380012125000120015926000440017130000260021536500620024152006330030365000290093620220427082646.0220314b ||||| |||| 00| 0 eng d a9789389520453 cAL aeng 223a621bJHAT aA K Jha aTextbook of applied physics Vol.2 a2nd ed. aNew DelhibInternational Pvt Ltd.c2019 ax,400p.bPBc24x17cm. 2Generala6286b₹364.00c₹d₹455.00e20%f07-02-2022 aThis book is meant to serve as a textbook of Physics for the undergraduate students of science and engineering. Exhausted treatment of topics in quantum mechanics, statistical mechanics, nuclear physics, electromagnetic theory, X-rays production, properties and applications and ultrasonic and acoustics of buildings have been presented. These topics have been presented in easy to understand and simple language. Large number of solved numerical have been included to give a quantitative idea of the subject. Short and long answer type questions and unsolved numericals have been given at the end of each chapter for practice.  2PhysicsaApplied Physics